[Event "Lalevitch 2011"]
[Site "CRELEL"]
[Date "2011.11.18"]
[Round "8"]
[White "Delcour, Errol"]
[Black "Albert, Julien"]
[Result "1-0"]
[WhiteElo "1779"]
[BlackElo "1697"]
[PlyCount "63"]
[EventDate "2011.??.??"]

1. e4 c5 2. c3 Nc6 3. d4 cxd4 4. cxd4 d5 5. e5 e6 6. Be2 Qa5+ 7. Bd2 Bb4 8. Nf3
Nge7 9. a3 Nf5 10. Nc3 Be7 11. Rc1 Qd8 12. Bb5 Bd7 13. Bxc6 Bxc6 14. Ne2 Qd7
15. g4 Nh4 16. Nf4 Nxf3+ 17. Qxf3 f6 18. Nh5 O-O 19. Qh3 fxe5 20. Nxg7 Kxg7 21.
Bh6+ Kg8 22. Bxf8 Rxf8 23. g5 exd4 24. Rg1 Rf5 25. g6 Bg5 26. f4 hxg6 27. Rxg5
Rxg5 28. fxg5 Qd6 29. Rc2 e5 30. Rf2 Bd7 31. Qh6 Qc6 32. Rf8# 1-0

[Event "Lalevitch 2011"]
[Site "CRELEL"]
[Date "2011.10.14"]
[Round "5"]
[White "Monticelli, Romain"]
[Black "Albert, Julien"]
[Result "1-0"]
[WhiteElo "1761"]
[BlackElo "1697"]
[PlyCount "93"]
[EventDate "2011.??.??"]

1. d4 Nf6 2. c4 g6 3. Nc3 Bg7 4. Nf3 O-O 5. e4 d6 6. Be2 e5 7. O-O Nc6 8. d5
Ne7 9. Ne1 Ne8 10. b4 f5 11. Qb3 f4 12. c5 g5 13. h3 Ng6 14. Ba3 Nh4 15. Bg4
Bxg4 16. hxg4 f3 17. g3 Qd7 18. Kh2 Qxg4 19. Rh1 Rf6 20. Qc4 Ng2 21. Kg1 Nf4
22. Nc2 Ng2 23. Nd1 Rh6 24. Rxh6 Bxh6 25. Nce3 Nxe3 26. Nxe3 Qh3 27. Qf1 Qxf1+
28. Kxf1 Nf6 29. Nf5 Bf8 30. Re1 dxc5 31. bxc5 b6 32. Bb2 Bxc5 33. Bxe5 Ng4 34.
Bd4 Bxd4 35. Nxd4 Ne5 36. Ne6 g4 37. Nxc7 Rc8 38. Rc1 b5 39. d6 a5 40. Rc5 Nc4
41. e5 Rd8 42. Nxb5 Rb8 43. Nc3 Nb6 44. e6 Na4 45. Rb5 Rxb5 46. Nxb5 Kf8 47.
Nc7 1-0

[Event "Lalevitch 2011"]
[Site "CRELEL"]
[Date "2011.09.16"]
[Round "2"]
[White "Nauts, Patrick"]
[Black "Albert, Julien"]
[Result "1/2-1/2"]
[WhiteElo "2092"]
[BlackElo "1697"]
[PlyCount "83"]
[EventDate "2011.??.??"]

1. e4 c5 2. Nf3 d6 3. Bb5+ Bd7 4. Bxd7+ Nxd7 5. c4 Ngf6 6. Nc3 e6 7. O-O Be7 8.
d4 cxd4 9. Nxd4 O-O 10. Qe2 a6 11. Be3 Qc7 12. Rac1 Ne5 13. b3 Neg4 14. Bf4 Ne5
15. h3 Nc6 16. Be3 Rad8 17. Rfd1 Qa5 18. f3 d5 19. exd5 exd5 20. Nxc6 bxc6 21.
cxd5 Rfe8 22. Qf2 Nxd5 23. Nxd5 Rxd5 24. Rxd5 Qxd5 25. Qd2 Qe5 26. Qd4 Qa5 27.
Qd7 Kf8 28. a4 Ba3 29. b4 Bxb4 30. Bf2 Qxa4 31. Bd4 f6 32. Rxc6 Qd1+ 33. Kh2
Qe2 34. Bxf6 gxf6 35. Rxf6+ Kg8 36. Qf7+ Kh8 37. Rh6 Qe5+ 38. f4 Qe4 39. Rxh7+
Qxh7 40. Qxe8+ Qg8 41. Qh5+ Qh7 42. Qe8+ 1/2-1/2

[Event "Lalevitch 2011"]
[Site "CRELEL"]
[Date "2011.10.21"]
[Round "6"]
[White "Pitz, Luc"]
[Black "Albert, Julien"]
[Result "0-1"]
[WhiteElo "1441"]
[BlackElo "1697"]
[PlyCount "34"]
[EventDate "2011.??.??"]

1. e4 c5 2. Nf3 d6 3. d4 cxd4 4. c3 Nf6 5. e5 dxe5 6. Nxe5 Nbd7 7. Bb5 a6 8.
Qa4 axb5 9. Qxa8 Nxe5 10. O-O e6 11. cxd4 Nc6 12. a4 Bd6 13. axb5 Nxd4 14. Bg5
O-O 15. Nc3 Bxh2+ 16. Kxh2 Ng4+ 17. Kg1 Qxg5 0-1

[Event "Lalevitch 2011"]
[Site "CRELEL"]
[Date "2011.10.21"]
[Round "6"]
[White "Dans, Guy"]
[Black "Alessi, David"]
[Result "0-1"]
[WhiteElo "1428"]
[BlackElo "1695"]
[PlyCount "33"]
[EventDate "2011.??.??"]

1. e4 e5 2. Nf3 d6 3. d4 exd4 4. Nxd4 g6 5. Bd3 Bg7 6. c3 Nf6 7. Bg5 O-O 8. O-O
c6 9. Nd2 Nbd7 10. f4 Qb6 11. Qb3 Qc7 12. Qc2 a6 13. b4 c5 14. N4f3 Ng4 15. f5
cxb4 16. cxb4 Qxc2 17. Bxc2 0-1

[Event "Lalevitch 2011"]
[Site "CRELEL"]
[Date "2011.10.07"]
[Round "4"]
[White "Morgenthal, Renaud"]
[Black "Alessi, David"]
[Result "1-0"]
[WhiteElo "1459"]
[BlackElo "1695"]
[PlyCount "55"]
[EventDate "2011.??.??"]

1. e4 e5 2. Nf3 d6 3. d4 f5 4. exf5 e4 5. Ng5 Nf6 6. Nc3 Bxf5 7. Bc4 d5 8. Bb3
c6 9. Bd2 Bd6 10. Qe2 h6 11. Nh3 Bxh3 12. gxh3 Na6 13. O-O-O Qe7 14. Rde1 Kd7
15. f3 exf3 16. Qxf3 Qf7 17. Qf5+ Kc7 18. Bf4 Rad8 19. Bxd6+ Rxd6 20. Ne4 Re6
21. Ba4 Kd7 22. Nxf6+ Qxf6 23. Qg4 Nc7 24. c4 Rhe8 25. cxd5 Nxd5 26. Rhf1 Qe7
27. Re5 Kc7 28. Rfe1 1-0

[Event "Lalevitch 2011"]
[Site "CRELEL"]
[Date "2011.12.02"]
[Round "9"]
[White "Aydogdu, Hakan"]
[Black "Ancion, Merowig"]
[Result "0-1"]
[WhiteElo "1809"]
[BlackElo "1903"]
[PlyCount "60"]
[EventDate "2011.??.??"]

1. c4 f5 2. Nc3 e5 3. e3 Nf6 4. d4 e4 5. Be2 g6 6. Nh3 Bg7 7. Bd2 O-O 8. b4 d6
9. Qb3 c5 10. bxc5 dxc5 11. d5 a6 12. a4 Nbd7 13. O-O Rb8 14. Rab1 Ne8 15. f3
Nd6 16. Qa2 exf3 17. gxf3 Qh4 18. Kg2 f4 19. Be1 Qh6 20. e4 Ne5 21. Nf2 g5 22.
h3 Qg6 23. Ng4 h5 24. Nxe5 Bxe5 25. Rg1 Bd4 26. Rh1 g4 27. hxg4 hxg4 28. Rh4
gxf3+ 29. Kxf3 Bxc3 30. Bf2 Qxe4# 0-1

[Event "Lalevitch 2011"]
[Site "CRELEL"]
[Date "2011.09.30"]
[Round "3"]
[White "Dubois, Theo"]
[Black "Ancion, Merowig"]
[Result "0-1"]
[WhiteElo "1600"]
[BlackElo "1903"]
[PlyCount "26"]
[EventDate "2011.??.??"]

1. d4 e6 2. e4 d5 3. Nd2 c5 4. c3 Nc6 5. Bb5 Qb6 6. Bxc6+ bxc6 7. exd5 cxd5 8.
Ne2 Nf6 9. O-O Ba6 10. dxc5 Bxc5 11. b4 Bd6 12. Re1 Ng4 13. Nd4 Bxh2+ 0-1

[Event "Lalevitch 2011"]
[Site "CRELEL"]
[Date "2011.10.07"]
[Round "4"]
[White "Remont, Leopold"]
[Black "Ancion, Merowig"]
[Result "1-0"]
[WhiteElo "1964"]
[BlackElo "1903"]
[PlyCount "57"]
[EventDate "2011.??.??"]

1. e4 e5 2. Nf3 Nc6 3. Bb5 a6 4. Ba4 Nf6 5. O-O Nxe4 6. d4 b5 7. Bb3 d5 8. dxe5
Be6 9. Qe2 Na5 10. Nd4 c5 11. Nxe6 fxe6 12. c3 Nxb3 13. axb3 Qb6 14. c4 Be7 15.
Qg4 O-O 16. f3 bxc4 17. bxc4 Bg5 18. Bxg5 Qxb2 19. Ra3 Nxg5 20. Qxg5 Rf5 21.
Qd2 Qxe5 22. Re1 Qd6 23. Nc3 Rb8 24. Qe2 d4 25. Ne4 Qb6 26. Rea1 Ra8 27. Ra5 e5
28. Qd3 Rff8 29. Nxc5 1-0

[Event "Lalevitch 2011"]
[Site "CRELEL"]
[Date "2011.09.02"]
[Round "1"]
[White "Wilket, Andre"]
[Black "Ancion, Merowig"]
[Result "0-1"]
[WhiteElo "1449"]
[BlackElo "1903"]
[PlyCount "96"]
[EventDate "2011.??.??"]

1. d4 Nf6 2. c4 g6 3. Nf3 Bg7 4. e3 O-O 5. Bd3 c5 6. d5 d6 7. h3 Na6 8. a3 e6
9. dxe6 fxe6 10. e4 Nc7 11. Nc3 b5 12. Bg5 Bb7 13. Qc2 Qe8 14. Nd2 d5 15. O-O
bxc4 16. Be2 d4 17. Bxc4 dxc3 18. bxc3 Kh8 19. Rab1 Qc6 20. Rfe1 Rad8 21. f3
Rd7 22. Nf1 Nh5 23. Qb3 Ba6 24. Bxa6 Qxa6 25. Be3 c4 26. Qb4 Rfd8 27. Bg5 Bf6
28. Bxf6+ Nxf6 29. Ne3 Nh5 30. Nxc4 Nf4 31. Ne5 Nd3 32. Nxd3 Rxd3 33. Qe7 Qc4
34. Rb7 R3d7 35. Qf6+ Kg8 36. Qe5 Ne8 37. Rxd7 Rxd7 38. Rb1 Kf7 39. Rb8 Qc7 40.
Qxc7 Rxc7 41. Rb3 Nd6 42. Kf2 Nb7 43. Rb4 Na5 44. Rb5 Nc4 45. a4 Ke7 46. Ke2
Nb6 47. Kd3 Nxa4 48. Rb3 Nc5+ 0-1

[Event "Lalevitch 2011"]
[Site "CRELEL"]
[Date "2011.10.14"]
[Round "5"]
[White "Dubois, Theo"]
[Black "Arabia, Allan"]
[Result "1-0"]
[WhiteElo "1600"]
[BlackElo "1354"]
[PlyCount "101"]
[EventDate "2011.??.??"]

1. d4 Nf6 2. Nd2 g6 3. e4 d6 4. f4 Bh6 5. Qf3 Bg4 6. Qg3 Qd7 7. h3 Bh5 8. Qf2
g5 9. g4 gxf4 10. gxh5 Nxh5 11. Ne2 Nc6 12. d5 Nb4 13. Nd4 O-O-O 14. a3 Ng3 15.
Rh2 Nxf1 16. Nxf1 Na6 17. Nf5 Bg5 18. h4 Bf6 19. Qxa7 Qa4 20. Re2 f3 21. Re3
Qxc2 22. Nd2 Nc5 23. Rxf3 Nd3+ 24. Rxd3 Qxd3 25. Qe3 Bxh4+ 26. Kd1 Qxe3 27.
Nxe3 Bg5 28. Nf3 Bxe3 29. Bxe3 Rdg8 30. Ke2 f6 31. Rh1 h5 32. Nh4 Rg4 33. Kf3
Kd7 34. Nf5 e6 35. dxe6+ Kxe6 36. Rxh5 Rxh5 37. Kxg4 Rh2 38. Bd4 Re2 39. Kf3
Rd2 40. Bc3 Rd1 41. Ng3 c6 42. Nh5 d5 43. exd5+ Rxd5 44. Nf4+ Kd6 45. Nxd5 Kxd5
46. Bxf6 Kc4 47. Ke4 b5 48. Ke5 Kb3 49. Kd6 b4 50. axb4 Kxb4 51. Kxc6 1-0

[Event "Lalevitch 2011"]
[Site "CRELEL"]
[Date "2011.09.16"]
[Round "2"]
[White "Mols, Mia"]
[Black "Arabia, Allan"]
[Result "0-1"]
[WhiteElo "1150"]
[BlackElo "1354"]
[PlyCount "45"]
[EventDate "2011.??.??"]

1. e4 e5 2. Nf3 Nc6 3. Bc4 Bc5 4. c3 Nf6 5. d4 exd4 6. cxd4 Bb4+ 7. Nc3 Nxe4 8.
O-O Nxc3 9. bxc3 Bxc3 10. Rb1 O-O 11. Bb2 Bxb2 12. Rxb2 d5 13. Bd3 Bg4 14. Rxb7
Nxd4 15. Be2 Re8 16. Re1 Bxf3 17. Qxd4 Bxe2 18. Rb2 Bh5 19. Rxe8+ Qxe8 20. Rb1
Rb8 21. Rc1 Qe4 22. Qxe4 dxe4 23. Rd1 0-1

[Event "Lalevitch 2011"]
[Site "CRELEL"]
[Date "2011.09.30"]
[Round "3"]
[White "Albert, Julien"]
[Black "Aydogdu, Hakan"]
[Result "1-0"]
[WhiteElo "1697"]
[BlackElo "1809"]
[PlyCount "57"]
[EventDate "2011.??.??"]

1. e4 c5 2. Nf3 Nc6 3. d4 cxd4 4. Nxd4 Nf6 5. Nc3 a6 6. Be3 d6 7. f3 e5 8. Nb3
Be6 9. g4 b5 10. g5 Nh5 11. Qd2 Rb8 12. O-O-O Be7 13. Nd5 a5 14. Nxe7 Kxe7 15.
Kb1 a4 16. Nc1 Qc7 17. Nd3 Rhc8 18. c3 Na5 19. Nb4 Nc4 20. Bxc4 Qxc4 21. Qxd6+
Ke8 22. Nd5 Bxd5 23. Rxd5 f6 24. gxf6 Nxf6 25. Rxe5+ Kf7 26. Re7+ Kg8 27. Rxg7+
Kxg7 28. Qe7+ Qf7 29. Rg1+ 1-0

[Event "Lalevitch 2011"]
[Site "CRELEL"]
[Date "2011.10.14"]
[Round "5"]
[White "Morgenthal, Renaud"]
[Black "Aydogdu, Hakan"]
[Result "0-1"]
[WhiteElo "1459"]
[BlackElo "1809"]
[PlyCount "66"]
[EventDate "2011.??.??"]

1. e4 c5 2. d4 cxd4 3. c3 dxc3 4. Nxc3 Nc6 5. Bc4 e6 6. Nf3 Be7 7. O-O a6 8. a3
d6 9. Re1 Nf6 10. Bf4 O-O 11. Qc2 Qc7 12. Rad1 b5 13. Bd3 e5 14. Bg3 Be6 15.
Ng5 Nd4 16. Nxe6 Nxe6 17. Qd2 Rfd8 18. f3 Nh5 19. Nd5 Qb7 20. Bf2 Bg5 21. Be3
Nhf4 22. g3 Nxd3 23. Bxg5 Nxe1 24. Rxe1 Nxg5 25. Qxg5 h6 26. Nf6+ Kh8 27. Qf5
gxf6 28. Qxf6+ Kg8 29. g4 Kh7 30. Qf5+ Kg7 31. g5 Qe7 32. Re2 Qe6 33. gxh6+
Kxh6 0-1

[Event "Lalevitch 2011"]
[Site "CRELEL"]
[Date "2011.10.14"]
[Round "5"]
[White "Ancion, Merowig"]
[Black "Barbier, Frederic"]
[Result "1/2-1/2"]
[WhiteElo "1903"]
[BlackElo "1769"]
[PlyCount "80"]
[EventDate "2011.??.??"]

1. e4 c5 2. Ne2 d6 3. g3 f5 4. d3 Nf6 5. Bg2 Nc6 6. Bg5 e5 7. O-O Be7 8. Nbc3
O-O 9. f4 fxe4 10. Bxf6 Bxf6 11. Nxe4 Bg4 12. fxe5 Bxe5 13. Rxf8+ Qxf8 14. c3
Re8 15. Qb3+ Qf7 16. Qxf7+ Kxf7 17. Rf1+ Kg8 18. Nf4 Ne7 19. Ng5 h6 20. Nge6 g5
21. Nc7 Rc8 22. Ncd5 Nc6 23. Ng6 Kg7 24. Be4 Re8 25. Nxe5 Nxe5 26. Nf6 Re7 27.
Nxg4 Nxg4 28. h3 Nf6 29. Bf5 Re2 30. Rf2 Rxf2 31. Kxf2 b6 32. Kf3 Kf7 33. a4
Ke7 34. h4 a5 35. hxg5 hxg5 36. c4 Kd8 37. Ke3 Kc7 38. d4 Kc6 39. d5+ Kc7 40.
Kf3 Kd8 1/2-1/2

[Event "Lalevitch 2011"]
[Site "CRELEL"]
[Date "2011.11.18"]
[Round "8"]
[White "Mahiels, Bruno"]
[Black "Barbier, Frederic"]
[Result "1-0"]
[WhiteElo "1713"]
[BlackElo "1769"]
[PlyCount "117"]
[EventDate "2011.??.??"]

1. d4 Nf6 2. Bf4 d5 3. Nd2 Bf5 4. e3 e6 5. c3 c5 6. Bxb8 Rxb8 7. Qa4+ Nd7 8.
Qxa7 b5 9. Qa6 c4 10. b4 Qb6 11. Qa3 Bd6 12. Qb2 Ra8 13. Ngf3 Ra4 14. Be2 Qc7
15. Bd1 Ra8 16. a4 bxa4 17. Bxa4 Bd3 18. Bd1 O-O 19. Be2 Bg6 20. O-O Nf6 21.
Rxa8 Rxa8 22. Ra1 Rxa1+ 23. Qxa1 Ne4 24. Nxe4 Bxe4 25. Qa8+ Qb8 26. Qxb8+ Bxb8
27. Ne5 Bc7 28. Nd7 Bc2 29. e4 Ba4 30. Nc5 Bc6 31. exd5 exd5 32. Bf3 Bf4 33. b5
Bxb5 34. Bxd5 Bd2 35. Ne4 Bf4 36. g3 Bc7 37. Kf1 Kf8 38. Ke2 f5 39. Nd2 Ba5 40.
Nb1 Ba6 41. Kd2 g5 42. Na3 Bc7 43. Bxc4 Bc8 44. Nb5 Bb8 45. Kd3 f4 46. Ke4 Ke7
47. Bg8 h5 48. c4 fxg3 49. fxg3 h4 50. Kf3 g4+ 51. Kg2 h3+ 52. Kf2 Bf5 53. d5
Be5 54. d6+ Kd7 55. Bd5 Bc2 56. c5 Bf5 57. c6+ Kc8 58. c7 Kd7 59. Bb7 1-0

[Event "Lalevitch 2011"]
[Site "CRELEL"]
[Date "2011.09.02"]
[Round "1"]
[White "Marchal, Georges"]
[Black "Barbier, Frederic"]
[Result "0-1"]
[WhiteElo "1424"]
[BlackElo "1769"]
[PlyCount "88"]
[EventDate "2011.??.??"]

1. e4 c5 2. d4 cxd4 3. c3 d5 4. e5 dxc3 5. Nxc3 e6 6. Nf3 Nc6 7. Bb5 Bd7 8. O-O
Nge7 9. Bg5 Qb8 10. Qe2 Ng6 11. Rfe1 h6 12. Bh4 Nxh4 13. Nxh4 Be7 14. Nf3 O-O
15. Rad1 a6 16. Ba4 b5 17. Bb3 Bc5 18. Qd3 Qb6 19. Rf1 Ne7 20. Ne2 f5 21. Nfd4
Rac8 22. Qg3 Kh7 23. Qd3 Nc6 24. Nxc6 Bxc6 25. Nf4 Be8 26. g4 g5 27. Ng2 Bg6
28. Bc2 Rg8 29. Qe2 Rcf8 30. gxf5 Bxf5 31. Bxf5+ Rxf5 32. Qc2 Kg7 33. Rxd5 Rc8
34. Rd7+ Kg6 35. Ne3 Rcf8 36. Nxf5 Rxf5 37. Rd2 g4 38. Qd3 Kg5 39. Qd8+ Qxd8
40. Rxd8 a5 41. Rg8+ Kh4 42. Kg2 Rxe5 43. f4 Re2+ 44. Kh1 Kh3 0-1

[Event "Lalevitch 2011"]
[Site "CRELEL"]
[Date "2011.09.30"]
[Round "3"]
[White "Terfve, Robert"]
[Black "Barbier, Frederic"]
[Result "0-1"]
[WhiteElo "1458"]
[BlackElo "1769"]
[PlyCount "102"]
[EventDate "2011.??.??"]

1. d4 Nf6 2. c4 e6 3. a3 c5 4. d5 d6 5. Nc3 exd5 6. cxd5 Bf5 7. f3 Nbd7 8. e4
Bg6 9. Bd3 a6 10. Nge2 b5 11. O-O Qb6 12. Kh1 Ne5 13. Bc2 h6 14. Ng3 Be7 15. f4
Ned7 16. f5 Bh7 17. Nce2 Ne5 18. Nf4 c4 19. Ngh5 Rg8 20. a4 b4 21. a5 Qc5 22.
Ba4+ Kf8 23. Nxf6 Bxf6 24. Ne6+ fxe6 25. dxe6 Ke7 26. Bf4 Nd3 27. Bg3 Rad8 28.
Qf3 Ne5 29. Qh5 Rgf8 30. Bf2 Qc8 31. Bb6 Nd3 32. Bd7 Rxd7 33. exd7 Qxd7 34. Qe2
Bg8 35. Qe3 Qb5 36. Bd4 Bxd4 37. Qxd4 Ne5 38. Rad1 Rd8 39. Rf2 Qxa5 40. Rfd2
Qc7 41. Qf2 Bf7 42. Qh4+ Kf8 43. f6 Nd3 44. fxg7+ Kxg7 45. Rf1 Bg6 46. Rf3 Re8
47. Qf6+ Kh7 48. b3 Rxe4 49. bxc4 Re1+ 50. Rf1 Rxf1+ 51. Qxf1 Qxc4 0-1

[Event "Lalevitch 2011"]
[Site "CRELEL"]
[Date "2011.11.18"]
[Round "8"]
[White "Aydogdu, Hakan"]
[Black "Becker, Joseph"]
[Result "1-0"]
[WhiteElo "1809"]
[BlackElo "1476"]
[PlyCount "37"]
[EventDate "2011.??.??"]

1. c4 c6 2. Nc3 d5 3. cxd5 cxd5 4. Nf3 Nf6 5. d3 e6 6. g3 Nc6 7. Bf4 a6 8. Bg2
Bd6 9. Qc1 Qc7 10. Bg5 Be7 11. a3 h6 12. Bd2 Na5 13. Qd1 Qb6 14. b4 Nc6 15. O-O
Qd8 16. Qb3 b5 17. Rac1 g5 18. e3 Ng4 19. Ne2 1-0

[Event "Lalevitch 2011"]
[Site "CRELEL"]
[Date "2011.10.07"]
[Round "4"]
[White "Hardy, Roger"]
[Black "Becker, Joseph"]
[Result "0-1"]
[WhiteElo "1293"]
[BlackElo "1476"]
[PlyCount "74"]
[EventDate "2011.??.??"]

1. e4 c5 2. c3 Nc6 3. d4 cxd4 4. cxd4 Qc7 5. Nf3 g6 6. Nc3 Bg7 7. Be2 a6 8. O-O
e6 9. Re1 Nge7 10. Be3 d6 11. Qd2 h6 12. a3 f5 13. exf5 Nxf5 14. Bd3 Qf7 15.
Rac1 Kf8 16. Be4 d5 17. Bd3 Bd7 18. Ne5 Nxe5 19. dxe5 Kg8 20. Bf4 g5 21. Bg3
Rf8 22. Rf1 Qe7 23. b4 h5 24. h3 Bh6 25. Rcd1 g4 26. Bf4 Bxf4 27. Qxf4 gxh3 28.
Bxf5 Rxf5 29. Qg3+ Qg7 30. Qxh3 Rxe5 31. Qh4 Rg5 32. Qh2 Bc6 33. Qb8+ Kh7 34.
Qh2 Rg8 35. g3 Qxc3 36. Rde1 R8g6 37. Kh1 d4+ 0-1

[Event "Lalevitch 2011"]
[Site "CRELEL"]
[Date "2011.10.21"]
[Round "6"]
[White "Mahiels, Bruno"]
[Black "Becker, Joseph"]
[Result "1-0"]
[WhiteElo "1713"]
[BlackElo "1476"]
[PlyCount "67"]
[EventDate "2011.??.??"]

1. e4 c5 2. Nf3 d6 3. d4 cxd4 4. Nxd4 a6 5. Nc3 Nf6 6. Be2 g6 7. O-O Bg7 8. Be3
h5 9. h3 Bd7 10. Qd2 Nc6 11. f4 Nxd4 12. Bxd4 Bc6 13. Bf3 e5 14. Be3 Qc7 15.
Rfd1 Rd8 16. Qf2 Qe7 17. Rd2 Bh6 18. Nd5 Bxd5 19. exd5 O-O 20. fxe5 Bxe3 21.
Qxe3 Qxe5 22. Qb6 Qg5 23. Rad1 Rd7 24. Re2 Rc8 25. Qd4 Rdc7 26. Qb4 Qg3 27. c3
Re8 28. Rde1 Rxe2 29. Rxe2 Rd7 30. Qd4 Kg7 31. h4 g5 32. Re4 Kg6 33. Qd3 Nxe4
34. Bxe4+ 1-0

[Event "Lalevitch 2011"]
[Site "CRELEL"]
[Date "2011.09.16"]
[Round "2"]
[White "Pirson, Andre"]
[Black "Becker, Joseph"]
[Result "0-1"]
[WhiteElo "1271"]
[BlackElo "1476"]
[PlyCount "90"]
[EventDate "2011.??.??"]

1. c4 Nf6 2. Nc3 e6 3. d4 d5 4. cxd5 exd5 5. Nf3 h6 6. g3 c6 7. Bg2 Bd6 8. Ne5
O-O 9. O-O Re8 10. h4 Bxe5 11. dxe5 Ng4 12. e4 d4 13. Ne2 c5 14. Bf3 Nxe5 15.
Bg2 Nbd7 16. Nf4 Nf6 17. Nd5 Be6 18. Nxf6+ Qxf6 19. f4 Nc4 20. e5 Qg6 21. Qe2
Qxg3 22. Qf2 Qxf2+ 23. Rxf2 Rab8 24. b3 Nb6 25. Bb2 Bd5 26. Rc1 Bxg2 27. Rxg2
Nd7 28. a3 Re6 29. b4 b6 30. Rf1 Kh7 31. Rgf2 f6 32. Rd2 fxe5 33. Rdd1 Rbe8 34.
f5 Rf6 35. Rf2 g6 36. fxg6+ Rxg6+ 37. Kf1 Rf6 38. Rxf6 Nxf6 39. Rc1 Nd7 40.
bxc5 bxc5 41. a4 Rf8+ 42. Ke1 Rf3 43. a5 Rh3 44. Rc2 Rh1+ 45. Kf2 Rh2+ 0-1

[Event "Lalevitch 2011"]
[Site "CRELEL"]
[Date "2011.11.18"]
[Round "8"]
[White "Ancion, Merowig"]
[Black "Champt, Victor"]
[Result "1-0"]
[WhiteElo "1903"]
[BlackElo "1576"]
[PlyCount "59"]
[EventDate "2011.??.??"]

1. e4 c5 2. Nc3 Nc6 3. g3 g6 4. Bg2 Bg7 5. Nge2 d6 6. O-O e6 7. f4 Nge7 8. d3
O-O 9. h3 a6 10. g4 f5 11. Ng3 fxg4 12. hxg4 Qc7 13. f5 exf5 14. gxf5 gxf5 15.
Qh5 Nd4 16. exf5 Bxf5 17. Nd5 Nxd5 18. Bxd5+ Be6 19. c3 Rxf1+ 20. Nxf1 Ne2+ 21.
Kf2 Rf8+ 22. Kxe2 Bxd5 23. Qxd5+ Qf7 24. Qxf7+ Rxf7 25. Be3 Re7 26. Ng3 Bh6 27.
Nf5 Bxe3 28. Nxe7+ Kf7 29. Kxe3 Kxe7 30. Rh1 1-0

[Event "Lalevitch 2011"]
[Site "CRELEL"]
[Date "2011.10.14"]
[Round "5"]
[White "Cristino, Gregory"]
[Black "Champt, Victor"]
[Result "1/2-1/2"]
[WhiteElo "1394"]
[BlackElo "1576"]
[PlyCount "121"]
[EventDate "2011.??.??"]

1. e4 c5 2. c3 d5 3. exd5 Qxd5 4. d4 cxd4 5. cxd4 Nc6 6. Nf3 e6 7. Nc3 Bb4 8.
Bd2 Bxc3 9. Bxc3 Nf6 10. Bd3 O-O 11. O-O a6 12. a4 Ne4 13. Bxe4 Qxe4 14. Re1
Qd5 15. Qd3 b6 16. Ne5 Bb7 17. f3 b5 18. Re4 Nxe5 19. Rxe5 Qc4 20. Qe3 bxa4 21.
Rc5 Qb3 22. Ra3 Qb6 23. Rxa4 Qd6 24. Rg5 f6 25. Rg3 Bd5 26. Bb4 Qc6 27. Qh6 Rf7
28. Ra3 Qc2 29. Qd2 Rc7 30. Bc3 Qxd2 31. Bxd2 Rc2 32. Bc3 Bc4 33. Ra1 a5 34.
Ra4 Rc1+ 35. Kf2 Rc2+ 36. Ke1 Bb3 37. Rxa5 Rxa5 38. Bxa5 Rxb2 39. Bb6 Kf7 40.
Bc5 g6 41. Kf1 h5 42. f4 Bd5 43. h4 Bc4+ 44. Kg1 Re2 45. Rf3 Bd5 46. Rf2 Re3
47. Kh2 Kg7 48. Kg1 Rd3 49. Kh2 Rc3 50. Re2 Kf7 51. Rf2 Ke8 52. g3 Kd7 53. Re2
Kc6 54. Rb2 Bb3 55. Be7 f5 56. Bf6 Kd5 57. Re2 Rc2 58. Rxc2 Bxc2 59. Be5 Ke4
60. Bf6 Kf3 61. Be5 1/2-1/2

[Event "Lalevitch 2011"]
[Site "CRELEL"]
[Date "2011.10.28"]
[Round "7"]
[White "Albert, Julien"]
[Black "Cristino, Gregory"]
[Result "1-0"]
[WhiteElo "1697"]
[BlackElo "1394"]
[PlyCount "39"]
[EventDate "2011.??.??"]

1. e4 e5 2. Nf3 Nc6 3. Bb5 a6 4. Ba4 Nf6 5. O-O b5 6. Bb3 Be7 7. Re1 O-O 8. c3
d6 9. h3 Be6 10. d4 exd4 11. cxd4 d5 12. e5 Ne4 13. Nbd2 f5 14. exf6 Nxd2 15.
Bxd2 Rxf6 16. Bg5 Rg6 17. Bxe7 Qxe7 18. Bxd5 Qd7 19. Bxe6+ Rxe6 20. Rxe6 1-0

[Event "Lalevitch 2011"]
[Site "CRELEL"]
[Date "2011.09.16"]
[Round "2"]
[White "Aydogdu, Hakan"]
[Black "Cristino, Gregory"]
[Result "1-0"]
[WhiteElo "1809"]
[BlackElo "1394"]
[PlyCount "53"]
[EventDate "2011.??.??"]

1. c4 Nf6 2. Nc3 e6 3. Nf3 d5 4. cxd5 exd5 5. g3 c6 6. Bg2 Be7 7. d3 O-O 8. Bd2
Nbd7 9. O-O Re8 10. a3 Bf8 11. Re1 g6 12. Qc2 Bg7 13. b4 Nf8 14. Rab1 a6 15. a4
Bd7 16. b5 axb5 17. axb5 Qc8 18. bxc6 bxc6 19. Na4 Rb8 20. Nb6 Qc7 21. Bf4 Qd8
22. Bxb8 h5 23. Nxd7 N6xd7 24. Bf4 Ne6 25. Bd2 Kh7 26. Qxc6 g5 27. Qxd5 1-0

[Event "Lalevitch 2011"]
[Site "CRELEL"]
[Date "2011.09.02"]
[Round "1"]
[White "Joassin, Stephane"]
[Black "Cristino, Gregory"]
[Result "1/2-1/2"]
[WhiteElo "1762"]
[BlackElo "1394"]
[PlyCount "100"]
[EventDate "2011.??.??"]

1. e4 e5 2. Nf3 Nf6 3. Nc3 Nc6 4. Bc4 Nxe4 5. Nxe4 d5 6. Bxd5 Qxd5 7. Nc3 Qd8
8. d3 Be7 9. Be3 O-O 10. h3 Be6 11. Qd2 f6 12. O-O Qd7 13. a3 Rad8 14. Rfe1
Rfe8 15. Rad1 Bf8 16. d4 exd4 17. Nxd4 Nxd4 18. Qxd4 Qxd4 19. Rxd4 Rxd4 20.
Bxd4 c5 21. Be3 Bf5 22. Re2 Bd6 23. Kf1 b6 24. Rd2 Bb8 25. Nd5 Be4 26. Nf4 Kf7
27. c3 Be5 28. Ne2 Re7 29. Bf4 Bxf4 30. Nxf4 Bb7 31. f3 g5 32. Nh5 Kg6 33. Ng3
h6 34. Kf2 Bc6 35. Nf1 Rd7 36. Rxd7 Bxd7 37. Nd2 f5 38. Nc4 Kf6 39. Ke3 f4+ 40.
Kf2 Ke6 41. Nd2 Ke5 42. Ke2 Be6 43. Kd3 Bf7 44. Nf1 Be6 45. Nh2 Kd5 46. c4+ Ke5
47. Ng4+ Bxg4 48. hxg4 Kf6 49. a4 Ke5 50. Kc3 Kd6 1/2-1/2

[Event "Lalevitch 2011"]
[Site "CRELEL"]
[Date "2011.10.28"]
[Round "7"]
[White "Moch, Jean"]
[Black "Dans, Guy"]
[Result "0-1"]
[WhiteElo "1221"]
[BlackElo "1428"]
[PlyCount "80"]
[EventDate "2011.??.??"]

1. d4 Nf6 2. Bg5 Ne4 3. Be3 d5 4. c4 dxc4 5. Nd2 Nd6 6. Qc2 b5 7. a3 g6 8. Ngf3
Bg7 9. Ne4 Nf5 10. Bf4 O-O 11. e3 Nd7 12. b3 Nb6 13. bxc4 bxc4 14. Rd1 Nd5 15.
Be5 f6 16. Bf4 Nxf4 17. exf4 Bb7 18. Bxc4+ Kh8 19. d5 Nd6 20. O-O Qd7 21. Nc5
Qg4 22. Ne6 Rf7 23. Nxg7 Kxg7 24. Rfe1 Qxf4 25. Rd4 Qf5 26. Bd3 Qd7 27. Rh4 Rh8
28. Qc3 Kg8 29. Re3 Bxd5 30. Bxg6 Rg7 31. Bh5 Nf5 32. Qb2 Qd8 33. Rd3 Rxg2+ 34.
Kxg2 Nxh4+ 35. Kh3 Be6+ 36. Kxh4 Qxd3 37. Qb8+ Kg7 38. Qxc7 Qf5 39. Qxe7+ Kh6
40. Bg4 Qxg4# 0-1

[Event "Lalevitch 2011"]
[Site "CRELEL"]
[Date "2011.09.30"]
[Round "3"]
[White "Nottet, Tristan"]
[Black "Dans, Guy"]
[Result "1/2-1/2"]
[WhiteElo "1689"]
[BlackElo "1428"]
[PlyCount "69"]
[EventDate "2011.??.??"]

1. e4 c5 2. c3 d5 3. exd5 Qxd5 4. d4 Nf6 5. Nf3 Bg4 6. Be2 cxd4 7. cxd4 e6 8.
Nc3 Qa5 9. O-O Bb4 10. Bd2 O-O 11. a3 Be7 12. Rc1 Nc6 13. Ne5 Bxe2 14. Nxe2 Qb6
15. Nxc6 bxc6 16. b4 Rac8 17. Be3 Qb5 18. Nc3 Qb7 19. Qf3 a6 20. Rc2 Rfd8 21.
Rfc1 Nd5 22. Nb1 Bf6 23. Nd2 Qb6 24. Nb3 Qb5 25. Na5 Qa4 26. Rxc6 Rxc6 27. Rxc6
Qxa3 28. g3 Qxb4 29. Rxa6 Qe1+ 30. Kg2 Nxe3+ 31. fxe3 Bg5 32. Ra8 Rf8 33. Rxf8+
Kxf8 34. Qa8+ Ke7 35. Qb7+ 1/2-1/2

[Event "Lalevitch 2011"]
[Site "CRELEL"]
[Date "2011.10.14"]
[Round "5"]
[White "Renard, Alain"]
[Black "Dans, Guy"]
[Result "1/2-1/2"]
[WhiteElo "1567"]
[BlackElo "1428"]
[PlyCount "36"]
[EventDate "2011.??.??"]

1. e4 c5 2. Nc3 d6 3. d3 Nc6 4. g3 Nf6 5. Bg2 Bg4 6. Nge2 Qd7 7. h3 Be6 8. Nf4
Nd4 9. Nce2 g5 10. Nxd4 cxd4 11. Nxe6 Qxe6 12. Bxg5 Nd7 13. Qd2 f6 14. Bh6 Rc8
15. Bf4 h5 16. h4 Qf7 17. Bh3 e5 18. Kd1 exf4 1/2-1/2